| 000 | 02573nam a2200337 a 4500 | ||
|---|---|---|---|
| 001 | 000013555 | ||
| 005 | 20200929163252.0 | ||
| 008 | 091118s2001 dr abc 000 0 spa d | ||
| 020 | _a8482613626 (v. 1) | ||
| 020 | _a8482613634 (v. 2) | ||
| 020 | _a8482613650 (v. 4) | ||
| 040 |
_aDO-SdBNP _bspa _cBNPHU |
||
| 082 |
_axxxx _bxxxx |
||
| 245 | 0 | 0 |
_aSociedad : _beducación media / _cMaría Ramona de la Cruz... [et al] ; dirección editorial Obdulia García de Escobar; ilustración Ruddy Núñez. |
| 260 |
_aSanto Domingo : _bSantillana, _c2001. |
||
| 300 |
_a4 v. : _bil., mapa., retrs. ; _c28 cm. |
||
| 500 | _aEducación media | ||
| 500 | _aEjemplares gratuitos, prohibida su venta | ||
| 500 | _aLa biblioteca solamente posee los volumenes 1, 2 y 4 | ||
| 505 | 0 |
_gv. 1 : _gprimer grado, primer ciclo -- _gHistoria y geografía universal -- _geje temático 1 -- _tLa historia y el origen de la humanidad -- _geje temático 2 -- _tLas primeras civilizaciones -- _geje temático 3 -- _tDel feudalismo al capitalismo -- _geje temático 4 -- _tEl mundo contemporáneo -- _geje temático 5 -- _tDescubre tu planeta.... la tierra -- _geje temático 6 -- _tGeografía humana: la población y el espacio humanizado / _rMaría Ramona de la Cruz -- _rIgnacio Aybar -- |
|
| 505 | 0 |
_gv. 2 : _gsegundo grado, primer ciclo -- _gHistoria y geografía de América -- _geje temático 1 -- _tAmérica precolombina y Europa en el siglo XV -- _geje temático 2 -- _tDescubrimiento y colonización -- _geje temático 3 -- _tLas independencias americanas -- _geje temático 4 -- _tAmérica en el siglo XX -- _geje temático 5 -- _tDescubre tu continente... América -- _geje temático 6 -- _tLa población y el espacio organizado / _rMaría Ramona de la Cruz -- _rQuisqueya Lora -- _rIgnacio Aybar -- _rMarcos Morales -- |
|
| 505 | 0 |
_gv.4 : _gsegundo grado, segundo ciclo -- _gLa República Dominicana hoy -- _geje temático 1 -- _tLuchas democráticas y procesos políticos 1961-1965 -- _geje temático 2 -- _tPolítica y sociedad a partir de 1965 -- _geje temático 3 -- _tLa población y el espacio económico _geje temático 4 -- _tRepública Dominicana y globalización / _rQuisqueya Lora -- _rFanny Capellán Almonte -- _rIgnacio Aybar -- _rManuel Escobar -- _rMarcos Morales -- |
|
| 700 | 1 |
_aDe la Cruz, María Ramona _929830 |
|
| 700 | 1 |
_aAybar, Ignacio _929767 |
|
| 700 | 1 |
_aLora, Quisqueya _929829 |
|
| 700 | 1 |
_aMorales, Marcos _929769 |
|
| 700 | 1 |
_aCapellán Almonte, Fanny _929766 |
|
| 700 | 1 |
_aEscobar, Manuel _929827 |
|
| 700 | 1 |
_aNúñez, Ruddy _eil. _923171 |
|
| 700 | 1 |
_aGarca Escobar, Obdulia, _edir. ed. _929770 |
|
| 999 |
_c13177 _d13177 |
||